| 000 | 00352nam a2200133Ia 4500 | ||
|---|---|---|---|
| 008 | 150202s9999 xx 000 0 und d | ||
| 020 | _a446359459 | ||
| 050 |
_aFIC _bFIC |
||
| 100 | _aDelinsky, Barbara. | ||
| 245 |
_aFacets / _cBarbara Delinsky. |
||
| 260 |
_aNew York : _bWarner Books, _c1990. |
||
| 300 |
_a394 pages : _c18 cm. |
||
| 650 | _aFiction. | ||
| 999 |
_c281970 _d281970 |
||